| 000 | 00692nam a2200181 i 4500 | ||
|---|---|---|---|
| 001 | 155377 | ||
| 003 | ES-MaACL | ||
| 005 | 20230906210043.0 | ||
| 008 | 021031s1884 sp |||| | spa d | ||
| 040 |
_aCCPB | B _bspa _cCCPB | B |
||
| 100 | 1 |
_aHerrero y Sánchez, José Joaquín. _963269 |
|
| 245 | 1 | 0 |
_aEnsayos poéticos _b: estrofas / _cJosé J. Herrero. |
| 260 |
_aMadrid : _b[s.n.], _c1884 ( _fImprenta Central á cargo de Víctor Saiz) |
||
| 300 |
_a74 p. ; _c18 cm. |
||
| 530 | _aDisponible también en sitio web. | ||
| 852 |
_aES-MaACL _jT-413-F-4 _z. - Enc. hol. _z. - Enc. en un vol. facticio |
||
| 856 |
_uhttp://www.archive.org/details/ensayospoticose00sngoog _zIr a la página |
||
| 999 |
_c155377 _d155377 |
||